Adoption of geographic information systems in the Accra Lands Commission Secretariat (Record no. 102667)
[ view plain ]
| 000 -LEADER | |
|---|---|
| fixed length control field | 01291cam a2200289 4500 |
| 008 - FIXED-LENGTH DATA ELEMENTS--GENERAL INFORMATION | |
| fixed length control field | 030227n2003 000 0 eng u |
| 020 ## - INTERNATIONAL STANDARD BOOK NUMBER | |
| International Standard Book Number | 1842191411 |
| 022 ## - INTERNATIONAL STANDARD SERIAL NUMBER | |
| International Standard Serial Number | 1464-648X |
| 035 ## - SYSTEM CONTROL NUMBER | |
| System control number | (Sirsi) u121457 |
| 050 ## - LIBRARY OF CONGRESS CALL NUMBER | |
| Classification number | 333.70285 |
| -- | 18 |
| 100 ## - MAIN ENTRY--PERSONAL NAME | |
| Personal name | Karikari, Issac |
| 245 ## - TITLE STATEMENT | |
| Title | Adoption of geographic information systems in the Accra Lands Commission Secretariat |
| 260 ## - PUBLICATION, DISTRIBUTION, ETC. | |
| Place of publication, distribution, etc. | London |
| Name of publisher, distributor, etc. | RICS Foundation |
| Date of publication, distribution, etc. | 2003 |
| 300 ## - PHYSICAL DESCRIPTION | |
| Extent | iii, 28p. |
| Dimensions | 30cm. |
| 490 ## - SERIES STATEMENT | |
| Series statement | RICS Foundation Our Common Estate Series |
| 520 ## - SUMMARY, ETC. | |
| Summary, etc. | The Lands Commission Secretariat (LCS) is the agency primarily responsible for managing public lands in Ghana. This paper considers which GIS organisational model might be appropriate for the Accra LCS and examines the factors that would help or hinder the success of GIS implementation under the adopted model environment. Bibliography. View at www.rics-foundation.org. |
| 650 ## - SUBJECT ADDED ENTRY--TOPICAL TERM | |
| Topical term or geographic name entry element | GHANA |
| 650 ## - SUBJECT ADDED ENTRY--TOPICAL TERM | |
| Topical term or geographic name entry element | GIS |
| 650 ## - SUBJECT ADDED ENTRY--TOPICAL TERM | |
| Topical term or geographic name entry element | LAND MANAGEMENT |
| 650 ## - SUBJECT ADDED ENTRY--TOPICAL TERM | |
| Topical term or geographic name entry element | ACCRA |
| 690 ## - LOCAL SUBJECT ADDED ENTRY--TOPICAL TERM (OCLC, RLIN) | |
| Topical term or geographic name as entry element | GEOMATICS |
| 9 (RLIN) | 6242 |
| 700 ## - ADDED ENTRY--PERSONAL NAME | |
| Personal name | Stillwell, John |
| 700 ## - ADDED ENTRY--PERSONAL NAME | |
| Personal name | Carver, Steve |
| 710 ## - ADDED ENTRY--CORPORATE NAME | |
| Corporate name or jurisdiction name as entry element | Royal Institution of Chartered Surveyors |
| Subordinate unit | Foundation |
| 9 (RLIN) | 4173 |
| 856 ## - ELECTRONIC LOCATION AND ACCESS | |
| Uniform Resource Identifier | <a href="https://www.rics.org/Global/Downloads/AdoptionGIS200304.pdf">https://www.rics.org/Global/Downloads/AdoptionGIS200304.pdf</a> |
| Public note | View the report on the RICS Foundation website... |
| 942 ## - ADDED ENTRY ELEMENTS (KOHA) | |
| Suppress in OPAC | 0 |
| Withdrawn status | Lost status | Source of classification or shelving scheme | Damaged status | Not for loan | Home library | Current library | Shelving location | Date acquired | Total Checkouts | Full call number | Barcode | Date last seen | Copy number | Price effective from | Koha item type |
|---|---|---|---|---|---|---|---|---|---|---|---|---|---|---|---|
| Dewey Decimal Classification | London | London | RICS Boxes | 17/03/2004 | RICS 2003/43 | 30069037 | 06/08/2019 | 1 | 06/08/2019 | Archive | |||||
| Dewey Decimal Classification | London | London | RICS Boxes | 17/03/2004 | RICS 2003/43 | 30069033 | 06/08/2019 | 2 | 06/08/2019 | Reference material | |||||
| Dewey Decimal Classification | London | London | RICS Boxes | 17/03/2004 | RICS 2003/43 | 30069029 | 06/08/2019 | 3 | 06/08/2019 | Book | |||||
| Dewey Decimal Classification | Virtual | Virtual | Online | 28/03/2003 | ONLINE PUBLICATION | 121457-3001 | 06/08/2019 | 1 | 06/08/2019 | Book |